Statistiken für Kurze Ländernamen - 4 Buchstaben

Klicken Sie hier um das Quiz zu spielen!

Allgemein

  • Dieses Quiz wurde 308 mal gespielt
  • Das Durchschnittsergebnis liegt bei 7 aus 8

Antwortstatistiken

inLand% Korrekt
AsienLaos
89%
AmerikaPeru
88%
AsienIrak
82%
AsienIran
82%
AfrikaTogo
82%
AmerikaKuba
81%
AsienOman
80%
AfrikaMali
76%

Verteilung der Resultate

Perzentil nach korrekt beantworteten Fragen

Anzahl Personen mit jedem Resultat

Ihre Resultats-Entwicklung

Sie haben dieses Quiz noch nicht gespielt